[Event "FSIMB Sept"]
[Site "Budapest HUN"]
[Date "2002.09.14"]
[Round "8"]
[White "Nemeth,Mi"]
[Black "Philipowski,R"]
[Result "0-1"]
[WhiteElo "2337"]
[BlackElo "2299"]

1.e4 c5 2.Nf3 Nc6 3.d4 cxd4 4.Nxd4 Nf6 5.Nc3 d6 6.Bg5 e6 7.Qd2 a6 8.O-O-O Bd7
9.f4 b5 10.Bxf6 gxf6 11.Nxc6 Bxc6 12.Qe3 Qe7 13.Bd3 Qa7 14.Qe1 Be7 15.Kb1 Qc5
16.Rf1 b4 17.Ne2 a5 18.f5 a4 19.c3 Rb8 20.Rc1 bxc3 21.Qxc3 Qxc3 22.Rxc3 Bd7
23.Nf4 Bd8 24.Nh5 e5 25.Bc4 Rg8 26.Ng3 Bb6 27.Rc2 Ke7 28.Ne2 Ba5 29.Rd1 Bc6
30.Bd5 Bb5 31.Ng3 Rbc8 32.Rxc8 Rxc8 33.a3 Bb6 34.b3 Rc3 35.Rc1 Rd3 36.Kc2 axb3+
37.Bxb3 Re3 38.a4 Bc6 39.Kb2 Bxe4 40.Nxe4 Rxe4 41.Rc6 Re2+ 42.Rc2 Bd4+ 43.Kc1 Re3
44.Rc7+ Kd8 45.Rb7 e4 46.a5 Re1+ 47.Kd2 Ra1 48.Rb4 e3+ 49.Ke2 Bc5 50.Ra4 Rb1
51.Bc2 Rb2 52.Kd3 Kc7 53.Ra1 Rb4 54.Ra4 Rxa4 55.Bxa4 d5 56.Be8 Kd6 57.Bxf7 Ke5
58.Be6 Ba7 59.a6 d4 60.Bc8 Kf4 61.Bb7 h5 62.Bf3 h4 63.h3 Kxf5 64.Ke2 Kf4
65.Bc6 Kg3 66.Be4 Bb6 67.Bd5 f5 68.Bf3 f4 69.Be4 d3+ 70.Kxd3 Kf2 71.Bf3 Ba7
72.Ke4 Kg3 73.Kd3 Kf2 74.Ke4 Bb8 75.Kd3 Kf1 76.Bg4 Kxg2 77.Ke2 Ba7 78.Bh5 Kxh3
79.Kf3 Bb8 80.Bg4+ Kh2 81.Be6 Kg1 82.Bh3 Ba7 83.Bg4 Bb8 84.Bh3 Kh1 85.Bf5 Kh2
86.Bg4 Kg1 87.Bh3 Ba7 88.Bg4 Kf1 89.Kxf4 Kf2  0-1

[Event "Poyntner Mem GM"]
[Site "St Poelten AUT"]
[Date "2002.09.14"]
[Round "10"]
[White "Van der Weide,K"]
[Black "Lau,R"]
[Result "0-1"]
[WhiteElo "2403"]
[BlackElo "2491"]

1.e4 c5 2.Nf3 d6 3.d4 cxd4 4.Nxd4 Nf6 5.Nc3 Nc6 6.Bg5 Bd7 7.Qd2 Rc8 8.Bxf6 gxf6
9.Nb3 f5 10.exf5 Bxf5 11.Bb5 Bg7 12.O-O-O Kf8 13.Bxc6 bxc6 14.Rhe1 h5 15.Kb1 Rc7
16.f3 Qb8 17.Ne4 Bg6 18.Ka1 c5 19.c3 Qb6 20.Qd5 Bh6 21.g3 Qb7 22.Qc4 Kg7
23.g4 hxg4 24.fxg4 Bxe4 25.Rxe4 Bg5 26.Na5 Qa8 27.Rd5 Bf6 28.g5 Be5 29.g6 e6
30.Rdxe5 dxe5 31.gxf7 Qd5 32.a3 Rxh2 33.Qxd5 exd5 34.Rxe5 Rd2 35.Nb3 Rd1+
36.Ka2 Kxf7 37.c4 Kf6 38.Rxd5 Rxd5 39.cxd5 Ke5 40.Na5 Kxd5 41.Kb3 Rh7 42.Kc3 Rh3+
43.Kc2 c4 44.b3 cxb3+ 45.Kb2 Rh2+ 46.Kxb3 Kc5 47.Nb7+ Kc6 48.Nd8+ Kb5 49.a4+ Kb6
50.Ne6 Rh4  0-1

[Event "TCh-CRO"]
[Site "Medulin CRO"]
[Date "2002.09.16"]
[Round "8"]
[White "Zecevic,Dea"]
[Black "Biliskov,V"]
[Result "1/2-1/2"]
[WhiteElo "2305"]
[BlackElo "2338"]

1.e4 c5 2.Nf3 d6 3.d4 cxd4 4.Nxd4 Nf6 5.Nc3 Nc6 6.Bg5 e6 7.Qd2 a6 8.O-O-O h6
9.Bf4 Bd7 10.Nb3 Ne5 11.Qe1 Qc7 12.Kb1 Be7 13.Bg3 O-O 14.f4 Ng6 15.Be2 b5
16.Bf3 Rac8 17.e5 dxe5 18.fxe5 Nh7 19.Be4 Bb4 20.Nxb5 Bxe1 21.Nxc7 Bxg3 22.Bxg6 Bxe5
23.Rxd7 Rxc7 24.Rxc7 Bxc7 25.Bd3 a5 26.h3 Nf6 27.c4 e5 28.Re1 e4 29.Bc2 Re8
30.Nc5 e3 31.a3 Bg3 32.Re2 Bf2 33.b4 axb4 34.axb4 Nh5 35.Nd3 Ng3 36.Rxf2 exf2
37.Nxf2 Kf8 38.c5 Ke7 39.Kb2 Ne2 40.Bd1 Nd4 41.Kc3 Rd8 42.Kc4 Nc6 43.Ba4 Ne5+
44.Kc3 f5 45.Bc2 h5 46.Nd3 Nxd3 47.Bxd3 Ke6 48.Be2 h4 49.b5 g5 50.b6 Kd7
51.Kb4 Rg8 52.Bb5+ Kc8 53.c6 Rg7 54.Bd3 Rf7 55.c7 Rf8 56.Kc5 g4 57.Be2 gxh3
58.gxh3 f4 59.Bg4+ Kb7 60.Bf3+ Kc8 61.Kd4 Rg8 62.Ke5 Rf8 63.Bg4+ Kb7 64.c8=Q+ Rxc8
65.Bxc8+ Kxb6 66.Kxf4 Kc7 67.Bf5 Kd8  1/2-1/2

[Event "7th WUCC Women"]
[Site "Ulaanbaatar MON"]
[Date "2002.09.17"]
[Round "6"]
[White "Kochetkova,J"]
[Black "Batceceg,T"]
[Result "1-0"]
[WhiteElo "2244"]
[BlackElo "2188"]

1.e4 c5 2.Nf3 d6 3.d4 cxd4 4.Nxd4 Nf6 5.Nc3 Nc6 6.Bg5 e6 7.Qd2 a6 8.O-O-O h6
9.Bxf6 Qxf6 10.Nxc6 bxc6 11.Bc4 Qd8 12.f4 Be7 13.h4 Rb8 14.Bb3 d5 15.g4 Bxh4
16.Kb1 Be7 17.g5 h5 18.g6 fxg6 19.Qg2 Rh6 20.f5 gxf5 21.exd5 cxd5 22.Qxg7 Bf8
23.Qg3 Qd6 24.Qg8 d4 25.Rhe1 Rb7 26.Qg2 Re7 27.Ne2 e5 28.Qa8 Qd8 29.Ng3 Bd7
30.Qf3 Qc8 31.Nxh5 Bc6 32.Qg3 Be4 33.Qg8 Qc6 34.Rg1 Rxh5 35.Qxf8+ Kd7 36.Rg7 Rh7
37.Qxe7+  1-0

[Event "TCh-FIN 2002-3"]
[Site "Finland FIN"]
[Date "2002.09.21"]
[Round "1"]
[White "Leino,J"]
[Black "Sorsa,M"]
[Result "1/2-1/2"]
[WhiteElo "2203"]
[BlackElo "2170"]

1.e4 c5 2.Nf3 d6 3.d4 cxd4 4.Nxd4 Nf6 5.Nc3 Nc6 6.Bg5 e6 7.Qd2 a6 8.O-O-O h6
9.Bh4 Nxe4 10.Nxe4 Qxh4 11.f4 d5 12.Ng3 Bd6 13.Nge2 Qf6 14.g3 O-O 15.Bg2 Bd7
16.Rhf1 Rfc8 17.Kb1 Qd8 18.f5 Be5 19.Bh3 Qb6 20.c3 Na5 21.Nf4 Nc4 22.Qf2 Na3+
23.Ka1 Bxd4 24.Rxd4 Nc2+ 25.Qxc2 Qxd4 26.fxe6 fxe6 27.Ng6 Qc5 28.Ne5 Qe7
29.Qg6 Be8 30.Bxe6+ Kh8 31.Nf7+ Bxf7 32.Rxf7 Qg5 33.Qxg5 hxg5 34.Bxc8 Rxc8
35.Kb1 b5 36.Rf5 Rd8 37.Rxg5 d4 38.Kc2 dxc3 39.bxc3 Rf8 40.h4 Kh7 41.Kb3 Rf3
42.Kb4 Re3 43.a3 Re4+ 44.Kb3 Re3 45.Rg4 Rf3 46.a4 bxa4+ 47.Rxa4 Rxg3 48.Rxa6 Rh3
49.Ra4 Kh6 50.Rg4 g6 51.Kb4 Kh5 52.Rg5+ Kh6 53.Rg4 Kh5 54.Rg5+ Kh6 55.c4 Rxh4
56.Rg3 Rh1 57.c5 Rc1 58.Rc3 Rb1+ 59.Kc4 g5 60.c6 Rb8 61.Kd5 Kh5 62.c7 Rc8
63.Ke6 g4 64.Kd7 Rxc7+ 65.Kxc7 Kh4 66.Kd6 g3 67.Ke5 g2 68.Rc1 Kg3 69.Ke4 Kf2  1/2-1/2

[Event "CUPA TC IND"]
[Site "Ploiesti ROM"]
[Date "2002.09.26"]
[Round "6"]
[White "Stanculescu,C"]
[Black "Mosnegutu,M"]
[Result "1-0"]
[WhiteElo "2084"]
[BlackElo "2238"]

1.e4 c5 2.Nf3 d6 3.d4 cxd4 4.Nxd4 Nf6 5.Nc3 Nc6 6.Bg5 e6 7.Qd2 a6 8.O-O-O Bd7
9.f4 h6 10.Bxf6 gxf6 11.f5 h5 12.fxe6 fxe6 13.Kb1 Qb6 14.Nf3 O-O-O 15.Na4 Qa7
16.c4 Be7 17.Nc3 Ne5 18.Nd4 Qc5 19.b3 Kb8 20.g3 Rdg8 21.Nce2 Ng4 22.b4 Qe5
23.Nc3 Qg5 24.Nf3 Qe3 25.Qxe3 Nxe3 26.Rd2 Bc8 27.Bd3 Ng4 28.b5 a5 29.Na4 Kc7
30.b6+ Kb8 31.Rc1 Bd7 32.Nc3 Rc8 33.Nd4 Ne5 34.Ncb5 Nc6 35.Be2 Ne5 36.a3 Rc5
37.Nc7 Bd8 38.Nb3  1-0

[Event "1st Masters"]
[Site "Villeurbanne FRA"]
[Date "2002.09.26"]
[Round "6"]
[White "Masserey,Y"]
[Black "Bolding,K"]
[Result "0-1"]
[WhiteElo "2327"]
[BlackElo "2373"]

1.e4 c5 2.Nf3 d6 3.d4 cxd4 4.Nxd4 Nf6 5.Nc3 Nc6 6.Bg5 e6 7.Qd2 Be7 8.O-O-O O-O
9.f3 d5 10.Bb5 Bd7 11.Bxc6 bxc6 12.e5 Ne8 13.Bxe7 Qxe7 14.f4 Rb8 15.h4 Qb4
16.Nb3 c5 17.Nb1 Qb6 18.Qa5 Rc8 19.Rh3 f6 20.Qe1 c4 21.Nd4 Rb8 22.Qc3 fxe5
23.fxe5 Rf2 24.Rg3 Nc7 25.Nd2 Na6 26.b3 Nb4 27.Kb2 cxb3 28.axb3 Rc8 29.Qe3 Rf7
30.Rc1 a5 31.N2f3 a4 32.Ng5 a3+ 33.Ka1 Rf1 34.Rxf1 Rxc2 35.Ngxe6 Ra2+ 36.Kb1 Rb2+
37.Ka1 Bxe6 38.Rxg7+ Kh8 39.Qc3  0-1

[Event "CUPA TC IND"]
[Site "Ploiesti ROM"]
[Date "2002.09.28"]
[Round "8"]
[White "Stanculescu,C"]
[Black "Sandulescu,G"]
[Result "1/2-1/2"]
[WhiteElo "2084"]
[BlackElo "2043"]

1.e4 c5 2.Nf3 Nc6 3.d4 cxd4 4.Nxd4 Nf6 5.Nc3 d6 6.Bg5 e6 7.Qd2 a6 8.O-O-O h6
9.Be3 Be7 10.f4 Bd7 11.Bd3 b5 12.f5 Ng4 13.Nf3 Nxe3 14.Qxe3 O-O 15.Kb1 Qc7
16.g4 Ne5 17.Nxe5 dxe5 18.h4 f6 19.fxe6 Bxe6 20.Nd5 Qa7 21.Qg3 Rad8 22.g5 fxg5
23.Qxe5 Bxd5 24.exd5 Rf4 25.Qe6+ Kf8 26.Bh7 Rf7 27.d6 Bf6 28.Rhe1 Qd7 29.Bg6 Qxe6
30.Rxe6 gxh4 31.Rde1 Kg8 32.d7 Rff8 33.Be8 h3 34.Rh1 Bg5 35.c3 a5 36.Rb6 Rf5
37.Rxh3 Rf1+ 38.Kc2 Rf2+ 39.Kb3 a4+ 40.Kb4 Rxb2+ 41.Kc5 Rxa2 42.Rxb5 a3 43.Ra5 Rc2
44.Kc6 a2 45.Rf3 Bf6 46.Kc7 Bxc3 47.Bf7+ Kh7 48.Rxa2 Ba5+ 49.Kd6 Bb4+ 50.Ke5 Rxa2
51.Bxa2 Rxd7 52.Bb1+ g6 53.Kf6 Rg7 54.Rg3 Be7+ 55.Ke6 Bg5 56.Rg2 Re7+ 57.Kd6 Re1
58.Bc2 Kg7 59.Kd5 Re7 60.Kd6 Re3 61.Kd5 Rf3 62.Ke6 Rf6+ 63.Kd5 Rf3  1/2-1/2

[Event "EuYCh B18"]
[Site "Peniscola ESP"]
[Date "2002.09.30"]
[Round "2"]
[White "Moreno Tejera,E"]
[Black "Mamedov,N"]
[Result "1-0"]
[WhiteElo "2365"]
[BlackElo "2463"]

1.e4 c5 2.Nf3 d6 3.d4 cxd4 4.Nxd4 Nf6 5.Nc3 Nc6 6.Bg5 e6 7.Bb5 Bd7 8.Bxc6 bxc6
9.Qf3 e5 10.Nf5 h6 11.Bh4 Bxf5 12.Qxf5 Be7 13.O-O-O O-O 14.Bxf6 Bxf6 15.Rd3 Rb8
16.Kb1 Qa5 17.Nd1 d5 18.Rg3 Qd8 19.Ne3 Bg5 20.Ng4 Re8 21.h4 g6 22.hxg5 gxf5
23.Nxh6+ Kf8 24.Nxf5  1-0

[Event "EuYCh B18"]
[Site "Peniscola ESP"]
[Date "2002.09.30"]
[Round "2"]
[White "Ibarra Jerez,JC"]
[Black "Lupulescu,C"]
[Result "1/2-1/2"]
[WhiteElo "2368"]
[BlackElo "2476"]

1.e4 c5 2.Nf3 d6 3.d4 cxd4 4.Nxd4 Nf6 5.Nc3 Nc6 6.Bg5 e6 7.Qd2 a6 8.O-O-O Nxd4
9.Qxd4 Be7 10.Kb1 b5 11.e5 dxe5 12.Qxe5 Bd7 13.Ne4 Nxe4 14.Bxe7 Qxe7 15.Qxe4 O-O
16.Bd3 g6 17.h4 b4 18.h5 Bb5 19.hxg6 fxg6 20.f3 Rfe8 21.Qe5 Bxd3 22.Rxd3 a5
23.Rhd1 Ra7 24.Qb5 Rc8 25.Rd7 Rxd7 26.Rxd7 Rd8 27.Rxd8+ Qxd8 28.a4  1/2-1/2

[Event "EuYCh B18"]
[Site "Peniscola ESP"]
[Date "2002.09.30"]
[Round "2"]
[White "Palekha,A"]
[Black "Martin Rueda,D"]
[Result "1-0"]
[WhiteElo "2365"]
[BlackElo "2223"]

1.e4 c5 2.Nf3 d6 3.d4 cxd4 4.Nxd4 Nf6 5.Nc3 Nc6 6.Bg5 e6 7.Qd2 a6 8.O-O-O h6
9.Be3 Bd7 10.f3 b5 11.g4 Qc7 12.h4 Ne5 13.Qg2 b4 14.Nb1 g6 15.Nd2 Rc8 16.Kb1 Bg7
17.Rc1 a5 18.Be2 a4 19.c3 Qb8 20.cxb4 Rxc1+ 21.Rxc1 Qxb4 22.a3 Qb7 23.f4 Nc6
24.Nc4 Bf8 25.Nb5 Qb8 26.e5 dxe5 27.fxe5 Nd5 28.Qe4 Be7 29.Ncd6+ Kf8 30.Bc5 Kg7
31.Bd3 Be8 32.h5 Bg5 33.Rf1 Nce7 34.Ka1 Rf8 35.Nxe8+ Qxe8 36.Nd6 Qc6 37.hxg6 fxg6
38.Rxf8 Kxf8 39.Qf3+ Nf4 40.Qxc6 Nxc6 41.Be4 Ne7 42.Nc4 Kg7 43.Nb6 Nfd5 44.Nxa4 Bf4
45.Bd6 Nc8 46.Bb8 h5 47.gxh5 gxh5 48.Nc5 Kf7 49.Bxd5  1-0

[Event "EuYCh B18"]
[Site "Peniscola ESP"]
[Date "2002.10.01"]
[Round "3"]
[White "L'Ami,E"]
[Black "Moreno Tejera,E"]
[Result "1/2-1/2"]
[WhiteElo "2438"]
[BlackElo "2365"]

1.e4 c5 2.Nf3 Nc6 3.d4 cxd4 4.Nxd4 Nf6 5.Nc3 d6 6.Bg5 e6 7.Qd2 Be7 8.O-O-O O-O
9.f3 d5 10.exd5 Nxd5 11.Nxc6 bxc6 12.Bxe7 Qxe7 13.Ne4 f5 14.Nf2 e5 15.Bc4 Kh8
16.Rhe1 Bb7 17.g3 Nb6 18.Bf1 c5 19.Qe3 f4 20.gxf4 Qf7 21.Kb1 exf4 22.Qa3 Rfe8
23.Ba6 Bd5 24.Ne4 Bxe4 25.fxe4 Re5 26.Bf1 Rae8 27.Qf3 Qf6 28.Bb5 Rb8 29.Rf1 a6
30.Bxa6 Na4 31.Qxf4 Nc3+ 32.Kc1 Qxf4+ 33.Rxf4 Nxd1 34.Kxd1 g5 35.Rg4 Rxb2
36.Bc8 Rxa2 37.Bf5 Ra4 38.Rg3 c4 39.Rxg5 c3 40.Rg3 Rd4+ 41.Rd3 Rxd3+ 42.cxd3 Ra5
43.Kc2 Ra2+ 44.Kxc3 Rxh2 45.d4 Kg7 46.d5 Kf6 47.d6 Rh1 48.Kd2 Rh2+ 49.Ke3 Rh1  1/2-1/2

[Event "Autumn III"]
[Site "Alushta UKR"]
[Date "2002.10.02"]
[Round "7"]
[White "Kayumov,S"]
[Black "Arbakov,V"]
[Result "1/2-1/2"]
[WhiteElo "2267"]
[BlackElo "2445"]

1.e4 c5 2.Nf3 Nc6 3.d4 cxd4 4.Nxd4 Nf6 5.Nc3 d6 6.Bg5 e6 7.Qd2 a6 8.O-O-O Bd7
9.f4 Be7 10.Nf3 b5 11.Bxf6 gxf6 12.f5 h5 13.Kb1 Qb6 14.g3 O-O-O 15.Bh3 Kb8
16.fxe6 fxe6 17.Ne2 Ne5 18.Nfd4 Ng4 19.Nf4 e5 20.Nd5 Qxd4 21.Qa5 Qc5 22.b4 Qa7
23.Nxe7 Qc7 24.Qxc7+ Kxc7 25.Nd5+ Kb7 26.Bxg4 hxg4 27.Nxf6 Be6 28.Rd2 Rh6
29.Rf2 Rdh8 30.Nd5 Rh3  1/2-1/2

[Event "EuYCh B18"]
[Site "Peniscola ESP"]
[Date "2002.10.05"]
[Round "6"]
[White "Palekha,A"]
[Black "Doric,D"]
[Result "1-0"]
[WhiteElo "2365"]
[BlackElo "2250"]

1.e4 c5 2.Nf3 d6 3.d4 cxd4 4.Nxd4 Nf6 5.Nc3 Nc6 6.Bg5 Bd7 7.Qd2 Rc8 8.O-O-O Nxd4
9.Qxd4 Qa5 10.Bd2 a6 11.f3 e5 12.Qd3 Be6 13.a3 Qc7 14.Kb1 Be7 15.Bg5 Nd7
16.h4 Nb6 17.Qd2 h6 18.Be3 Nc4 19.Bxc4 Bxc4 20.g4 b5 21.g5 h5 22.f4 a5 23.Nd5 Bxd5
24.exd5 exf4 25.Bd4 O-O 26.Bc3 b4 27.axb4 axb4 28.Bxb4 Ra8 29.Rh3 Ra6 30.Ra3 Rfa8
31.Qxf4 Rxa3 32.Bxa3 g6 33.Rd3 Bf8 34.Rc3 Qb7 35.Qc4 Bg7 36.Rb3 Qa7 37.Qc6 Be5
38.Ka2 Qa5 39.c3 Rf8 40.Rb7 Qa8 41.Rb6 Qa7 42.Ra6 Qf2 43.Bxd6 Bxd6 44.Qxd6 Qxh4
45.Qc6 Qxg5 46.d6 h4 47.Ra8 h3 48.d7 h2 49.Rxf8+ Kxf8 50.Qd6+ Kg7 51.d8=Q Qxd8
52.Qxd8 h1=Q 53.b4 f5 54.b5 Qb7 55.b6 Qa6+ 56.Kb2 Qb5+ 57.Kc1 Qb3 58.Qc7+ Kh6
59.b7 Qa3+ 60.Kd2 Qa2+ 61.Ke3 Qa7+ 62.Kd3 Qa6+ 63.c4 Qa3+ 64.Kd4 Qb2+ 65.Kc5 Qf2+
66.Kc6 Qf3+ 67.Kd7  1-0

[Event "Autumn III"]
[Site "Alushta UKR"]
[Date "2002.10.06"]
[Round "12"]
[White "Kayumov,S"]
[Black "Belikov,V"]
[Result "1/2-1/2"]
[WhiteElo "2267"]
[BlackElo "2487"]

1.e4 c5 2.Nf3 d6 3.d4 cxd4 4.Nxd4 Nf6 5.Nc3 Nc6 6.Bg5 Bd7 7.Qd2 Rc8 8.O-O-O Nxd4
9.Qxd4 Qa5 10.Bxf6 gxf6 11.Kb1 Rg8 12.f4 f5 13.e5 e6 14.Qd2 Qb6 15.exd6 a6
16.Qe1 Bg7 17.Qh4 Qd8 18.Qxd8+ Rxd8 19.g3 Bc6 20.Rg1 Bf8 21.Bg2 Bxg2 22.Rxg2 Rxd6
23.Rxd6 Bxd6 24.Ne2 h5 25.Rf2 b5 26.c3 h4 27.Kc2 Ke7 28.b4 Bc7 29.Kb3 Bb6
30.Rf3 Rd8 31.Kc2 Rh8 32.gxh4 Rxh4 33.h3 Kf6 34.a4 e5 35.Rd3 Ke6 36.a5 Bc7
37.fxe5 Bxe5 38.Rf3 f4 39.Kd3 Kd5 40.Ng1 Rh6 41.Ne2 f5 42.Nc1 Bb8 43.Ne2 Rh5
44.Nc1 Rh8 45.Ne2 Rh4 46.Nd4 Rh5 47.Ne2 Be5 48.Nc1 Rh6 49.Ne2 Rh7 50.Ng1 Rh8
51.Ne2 Bb8 52.Nd4 Rh5 53.Ne2 Be5  1/2-1/2

[Event "EuYCh B16"]
[Site "Peniscola ESP"]
[Date "2002.10.07"]
[Round "8"]
[White "Lopez del Alamo,An"]
[Black "Daskevics,V"]
[Result "1/2-1/2"]
[WhiteElo "2221"]
[BlackElo "2266"]

1.e4 c5 2.Nc3 d6 3.Nge2 Nc6 4.d4 cxd4 5.Nxd4 Nf6 6.Bg5 e6 7.Bb5 Bd7 8.Bxc6 Bxc6
9.Nxc6 bxc6 10.Qf3 Be7 11.e5 Nd5 12.Bxe7 Qxe7 13.exd6 Qxd6 14.O-O Qf4 15.Qd3 O-O
16.Ne4 Nf6 17.Nxf6+ Qxf6 18.c3 Rfd8 19.Qe4 Rd6 20.Rad1 Rad8 21.Rxd6 Rxd6
22.Qa4 Qe7 23.Rd1 Rd5 24.h3 Qd7 25.Rxd5 exd5 26.Qd4 h6 27.b4 Qe7 28.Kf1 Qb7
29.Qd3 Qb6 30.a4 Kf8 31.Ke1 f6 32.a5 Qc7 33.f3 Qf4 34.Kf2 Qh4+ 35.Ke3 Ke7
36.Qe2 Kf7 37.Kd2 Qg5+ 38.Kc2 h5 39.Qf2 Qf5+ 40.Kb2 Qd7 41.Qd4 Qb7 42.Kc2 Qe7
43.Kd2 Qb7 44.Qc5 Qd7 45.Qd4 Qb7 46.Qh4 Kg6 47.g4 hxg4 48.hxg4 Kf7 49.Qh5+ Kf8
50.Qh8+ Kf7 51.Qd8 Kg6 52.Qe8+ Kh7 53.Qh5+ Kg8 54.Qg6 Qc7 55.Qe8+ Kh7 56.Qh5+ Kg8
57.Qf5 Qb7 58.f4 Qc7 59.g5 fxg5 60.fxg5 Qf7 61.Qc8+ Kh7 62.Qxc6 Qf4+ 63.Kc2 Qxg5
64.b5 Qe5 65.b6 axb6 66.axb6 d4 67.cxd4 Qxd4 68.b7 Qf2+ 69.Kb3 Qe3+ 70.Kb4 Qd4+
71.Kb5 Qb2+ 72.Ka6 Qa3+ 73.Kb6 Qb4+ 74.Kc7 Qe7+ 75.Kc8 Qf8+ 76.Kc7 Qe7+ 77.Qd7 Qc5+
78.Kb8 Qe5+ 79.Qc7 Qe8+ 80.Ka7 Qa4+ 81.Kb6 Qb4+ 82.Ka6 Qa3+ 83.Qa5 Qd3+ 84.Ka7 Qd4+
85.Ka8 Qe4 86.Qh5+ Kg8 87.Ka7 Qa4+ 88.Kb6 Qb4+ 89.Kc6 Qc4+ 90.Kd6 Qb4+ 91.Kc6 Qc4+
92.Qc5 Qe6+ 93.Qd6 Qc4+ 94.Kd7 Qb5+ 95.Kc8 Qc4+ 96.Kd8 Qh4+ 97.Kd7 Qa4+ 98.Kd8 Qh4+
99.Kc8 Qc4+ 100.Qc7 Qe6+ 101.Kb8 Qe4 102.Qc8+ Kh7 103.Qh3+ Kg8 104.Qb3+ Kh8
105.Ka7 Qd4+ 106.Ka6 Qd6+ 107.Kb5 Qe5+ 108.Kc4 Qe4+ 109.Kc3 Qe3+ 110.Kc4 Qe6+
111.Kc3 Qe3+  1/2-1/2

[Event "3rd Autumn Open"]
[Site "Bad Wildbad GER"]
[Date "2002.10.11"]
[Round "8"]
[White "Koller,J"]
[Black "Inkiov,V"]
[Result "0-1"]
[WhiteElo "2119"]
[BlackElo "2424"]

1.e4 c5 2.Nf3 d6 3.d4 cxd4 4.Nxd4 Nf6 5.Nc3 Nc6 6.Bg5 e6 7.Qd2 a6 8.O-O-O h6
9.Bf4 Bd7 10.Nb3 b5 11.a3 Ne5 12.Bxe5 dxe5 13.f4 Qc7 14.fxe5 Qxe5 15.Qd4 Qxd4
16.Nxd4 Rc8 17.Be2 Rxc3 18.bxc3 Bxa3+ 19.Kd2 Nxe4+ 20.Ke3 Nxc3 21.Rd3 Bb4
22.Bf3 Ke7 23.Ra1 a5 24.Bc6 Rc8 25.Bxd7 Nd5+ 26.Kf3 Kxd7 27.Ra2 Rc4 28.Nxb5 Rf4+
29.Ke2 Kc6 30.g3 Rc4 31.Na3 Bxa3 32.Rdxa3 a4 33.c3 Nb6 34.Kd3 e5 35.Re2 Kd5
36.Rf2  0-1

[Event "TCh-SWE"]
[Site "Helsingborg SWE"]
[Date "2002.10.13"]
[Round "3"]
[White "Lindberg,Be"]
[Black "Hall,Je"]
[Result "1/2-1/2"]
[WhiteElo "2382"]
[BlackElo "2489"]

1.e4 c5 2.Nf3 Nc6 3.d4 cxd4 4.Nxd4 Nf6 5.Nc3 d6 6.Bg5 Bd7 7.Be2 e6 8.Ndb5 Qb8
9.a4 a6 10.Na3 Qc7 11.O-O Be7 12.Qd2 O-O 13.Rfd1 Rfd8 14.Be3 Ne5 15.Qd4 Bc6
16.Bf4 Rac8 17.Bg3 Ng6 18.Nc4 e5 19.Qe3 b5 20.axb5 axb5 21.Ra7 Qb8 22.Nb6 Rc7
23.Rxc7 Qxc7 24.Rd2 h6 25.Bxb5 Bxb5 26.Nxb5 Qb7 27.Nc3 Ng4 28.Qe2 Bg5 29.Rd1 Qxb6
30.Qxg4 Qxb2 31.Nd5 Qxc2 32.Rf1 Nf4 33.Bxf4 Bxf4 34.g3 Bd2 35.h4 Kf8 36.Qf5 Kg8
37.Ne7+ Kf8 38.Nd5 Kg8 39.Ne7+ Kf8  1/2-1/2

[Event "V Autumn"]
[Site "Alushta UKR"]
[Date "2002.10.15"]
[Round "1"]
[White "Kayumov,S"]
[Black "Shtyrenkov,V"]
[Result "1/2-1/2"]
[WhiteElo "2330"]
[BlackElo "2441"]

1.e4 c5 2.Nf3 Nc6 3.d4 cxd4 4.Nxd4 Nf6 5.Nc3 d6 6.Bg5 e6 7.Qd2 a6 8.O-O-O h6
9.Be3 Qc7 10.f4 Be7 11.Be2 Nxd4 12.Bxd4 e5 13.Be3 b5 14.Bf3 Bb7 15.Qd3 Rc8
16.a3 O-O 17.g4  1/2-1/2

[Event "FSFMA Oct"]
[Site "Budapest HUN"]
[Date "2002.10.15"]
[Round "11"]
[White "Biro,Ge"]
[Black "Tessedik,K"]
[Result "1-0"]
[WhiteElo "2092"]
[BlackElo "2018"]

1.e4 c5 2.Nf3 d6 3.d4 cxd4 4.Nxd4 Nf6 5.Nc3 Nc6 6.Bg5 e6 7.Bb5 Bd7 8.Bxc6 bxc6
9.Qf3 Be7 10.e5 Nd5 11.Bxe7 Qxe7 12.Qg3 dxe5 13.Qxg7 Qf6 14.Qxf6 Nxf6 15.Nf3 e4
16.Ne5 Rg8 17.g3 Rg5 18.Nxd7 Nxd7 19.O-O-O Re5 20.Rhe1 f5 21.Rd6 Rc8 22.f4 Ra5
23.Rxe6+ Kf7 24.Rd6 Nf6 25.Red1 Ke7 26.a4 Rc5 27.R6d4 a5 28.Kb1 Rc7 29.R1d2 h5
30.Nd1 Rd5 31.Ne3 Ke6 32.Nxd5 cxd5 33.b4 Kd6 34.bxa5 Kc5 35.c3 Ra7 36.Rb2 Rxa5
37.Rdb4 Ng4 38.Rb5+ Rxb5 39.Rxb5+ Kc4 40.Rb7 Kxc3 41.a5 e3 42.a6 d4 43.Ka2 e2
44.Rb1 d3 45.a7 d2 46.a8=Q d1=Q 47.Qf3+ Kd2 48.Rb2+  1-0

[Event "Essent Open"]
[Site "Hoogeveen NED"]
[Date "2002.10.15"]
[Round "5"]
[White "Cheparinov,I"]
[Black "Dougherty,M"]
[Result "1-0"]
[WhiteElo "2473"]
[BlackElo "2281"]

1.e4 c5 2.Nf3 Nc6 3.d4 cxd4 4.Nxd4 Nf6 5.Nc3 d6 6.Bg5 e6 7.Qd2 a6 8.O-O-O Qb6
9.Nb3 Be7 10.f3 Qc7 11.Kb1 b5 12.Bxb5 axb5 13.Nxb5 Qb6 14.Nxd6+ Kf8 15.f4 h6
16.Bxf6 gxf6 17.Qc3 Rg8 18.e5 f5 19.Rd2 Kg7 20.g4 fxg4 21.f5 exf5 22.e6+ Bf6
23.Nxf5+ Kg6 24.exf7 Kxf7 25.Qc4+ Be6 26.Nxh6+ Ke7 27.Nxg8+ Rxg8 28.Qe4 Rd8
29.Rxd8 Nxd8 30.Rf1 Qb5 31.Re1 Qh5 32.Nd4 Bxd4 33.Qxd4 Qxh2 34.Qxg4 Qd2 35.Qe2 Qd5
36.b3 Nc6 37.Rd1 Qc5 38.Qd2 Bf5 39.Kb2 Nb4 40.Qe2+ Kf6 41.c3 Nc2 42.Qa6+ Kg5
43.Qd6 Qa7 44.Rd2 Qa8 45.Qd8+ Qxd8 46.Rxd8 Ne3 47.a4 Kf6 48.a5 Ke7 49.Rd4  1-0

[Event "Essent Open"]
[Site "Hoogeveen NED"]
[Date "2002.10.16"]
[Round "6"]
[White "Brodsky,M"]
[Black "Rogers,I"]
[Result "1/2-1/2"]
[WhiteElo "2547"]
[BlackElo "2557"]

1.e4 c5 2.Nf3 d6 3.d4 cxd4 4.Nxd4 Nf6 5.Nc3 Nc6 6.Bg5 e6 7.Qd2 Be7 8.O-O-O O-O
9.f4 h6 10.Bh4 e5 11.Nf5 Bxf5 12.exf5 exf4 13.Kb1 d5 14.Bxf6 Bxf6 15.Nxd5 Be5
16.Bc4 Qh4 17.f6 Bxf6 18.Qxf4 Qxf4 19.Nxf4 Rad8  1/2-1/2

[Event "Essent Open"]
[Site "Hoogeveen NED"]
[Date "2002.10.17"]
[Round "7"]
[White "Filipek,J"]
[Black "Dougherty,M"]
[Result "1/2-1/2"]
[WhiteElo "2374"]
[BlackElo "2281"]

1.e4 c5 2.Nf3 d6 3.d4 cxd4 4.Nxd4 Nf6 5.Nc3 Nc6 6.Bg5 e6 7.Qd2 Be7 8.O-O-O Nxd4
9.Qxd4 a6 10.e5 dxe5 11.Qxe5 Bd7 12.Be2 Rc8 13.Bf4 Rc5 14.Qd4 Bc6 15.Qxd8+ Bxd8
16.f3 Nd5 17.Nxd5 Rxd5 18.c4 Rf5 19.Bd6 Be7 20.b4 Bxd6 21.Rxd6 Ke7 22.Rhd1 h5
23.Kb2 Re5 24.R6d2 h4 25.h3 Ba4 26.Rc1 Rd8 27.Bd3 Re3 28.Rc3 e5 29.Ka3 Bc6
30.Kb3 f5 31.b5 axb5 32.cxb5 Bd5+ 33.Kb4 Bxa2 34.Rc7+ Kf6 35.Rxa2 Rexd3 36.Rxb7 R8d4+
37.Ka5 Rd2 38.Rxd2 Rxd2 39.b6 Rxg2 40.Rc7 Rb2 41.b7 Kg5 42.Ka6 Kf4 43.Rc5 Rxb7
44.Kxb7 Kxf3 45.Rxe5 Kf4 46.Re7 g5 47.Rf7 Ke4 48.Rg7 Kf4 49.Rf7 Ke4  1/2-1/2

[Event "TCh-FIN 2002-3"]
[Site "Finland FIN"]
[Date "2002.10.19"]
[Round "2"]
[White "Maki,V"]
[Black "Pulkkinen,K"]
[Result "1-0"]
[WhiteElo "2384"]
[BlackElo "2319"]

1.e4 c5 2.Nf3 d6 3.d4 cxd4 4.Nxd4 Nf6 5.Nc3 Nc6 6.Bg5 e6 7.Qd2 a6 8.O-O-O Bd7
9.f4 b5 10.Bxf6 gxf6 11.Nxc6 Bxc6 12.Qe1 b4 13.Nd5 a5 14.f5 Bxd5 15.exd5 e5
16.Bb5+ Ke7 17.Bc6 Rb8 18.Rd4 h5 19.Kb1 Bh6 20.Re4 Qb6 21.Qe2 Rbg8 22.Rf1 Rg5
23.Rh4 Bf8 24.g3 Rg4 25.Qxg4 hxg4 26.Rxh8 a4 27.Rh4 Qe3 28.Bxa4 Qe2 29.Rc1 Qf3
30.h3 gxh3 31.Rxh3 Qxd5 32.Rh4 Qd2 33.c3 bxc3 34.Rxc3 Bh6 35.a3 d5 36.Rb4 e4
37.Rb8 Qg5 38.Re8+ Kd6 39.Rc6+ Kd7 40.Rxf6+ Kc7 41.Rc6+ Kb7 42.f6 Qxg3 43.Re7+ Kb8
44.Rb6+ Kc8 45.Ka2 e3 46.Ra6 Bf4 47.Ra8+ Bb8 48.Bb5 Qd6 49.Ba6+  1-0

[Event "Essent Open"]
[Site "Hoogeveen NED"]
[Date "2002.10.19"]
[Round "9"]
[White "De Vreugt,D"]
[Black "Nijboer,F"]
[Result "1-0"]
[WhiteElo "2501"]
[BlackElo "2556"]

1.e4 c5 2.Nf3 Nc6 3.d4 cxd4 4.Nxd4 Nf6 5.Nc3 d6 6.Bg5 e6 7.Qd2 a6 8.O-O-O Bd7
9.f3 b5 10.Nxc6 Bxc6 11.Kb1 Rc8 12.Ne2 Be7 13.h4 O-O 14.Bxf6 Bxf6 15.g4 d5
16.g5 Be5 17.Qc1 Bd6 18.Bg2 Qc7 19.Qd2 dxe4 20.fxe4 Be5 21.Nc1 b4 22.Nd3 Rfd8
23.h5 Ba4 24.Rc1 Bb5 25.g6 fxg6 26.hxg6 h6 27.Bh3 Qd7 28.Rcd1 Qe8 29.Qg2 Bxd3
30.Rxd3 Rxd3 31.cxd3 b3 32.axb3 Kh8 33.Qg4 Qc6 34.Qd1 a5 35.Rf1 Rb8 36.Qc2 Qd6
37.Rc1 Rf8 38.Ka2 Bf6 39.Qc5 Qxc5 40.Rxc5 Re8  1-0

[Event "Olympiad w"]
[Site "Bled SLO"]
[Date "2002.10.27"]
[Round "2"]
[White "Botvinnik,Ir"]
[Black "Puuska,H"]
[Result "1-0"]
[WhiteElo "2187"]
[BlackElo "2077"]

1.e4 c5 2.Nf3 Nc6 3.d4 cxd4 4.Nxd4 Nf6 5.Nc3 d6 6.Bg5 e6 7.Be2 a6 8.O-O Be7
9.Be3 Nxd4 10.Qxd4 e5 11.Qd2 b5 12.a4 b4 13.Nd5 Nxd5 14.Qxd5 Be6 15.Qc6+ Bd7
16.Qb7 Qc8 17.Qxb4 d5 18.Qa5 d4 19.Bd2 Qxc2 20.Rfc1 Qxb2 21.Rab1 Qa2 22.Bc4 Qxa4
23.Qxe5 Kf8 24.Qd5 Ke8  1-0

[Event "10th Chigorin Mem"]
[Site "St Petersburg RUS"]
[Date "2002.10.27"]
[Round "3"]
[White "Dashko,A"]
[Black "Bocharov,D"]
[Result "0-1"]
[WhiteElo "2401"]
[BlackElo "2502"]

1.e4 c5 2.Nf3 Nc6 3.d4 cxd4 4.Nxd4 Nf6 5.Nc3 d6 6.Bg5 e6 7.Qd2 Qb6 8.Nb3 a6
9.O-O-O Be7 10.f4 O-O 11.Be2 Rd8 12.Bf3 Qc7 13.Qe1 Bd7 14.Kb1 Rac8 15.e5 Ne8
16.exd6 Nxd6 17.Bxe7 Nxe7 18.g3 Nc4 19.Ne4 a5 20.c3 a4 21.Nbd2 Bb5 22.Nxc4 Bxc4
23.Qe3 Nd5 24.Qc1 Qb6 25.Ka1 h6 26.Nd2 Bd3 27.Bxd5 Rxd5 28.Nb1 Rcd8 29.Na3 Qf2
30.Rd2 Be2 31.Rxd5 Rxd5 32.Nc2 Rd3 33.Nd4 Bg4 34.a3 Rd2 35.h3 Bf5 36.g4 Bd3
37.Rd1 Rxd1 38.Qxd1 Bc4 39.f5 e5 40.Nc2 Bb3 41.Kb1 e4 42.Kc1 e3 43.g5  0-1

[Event "10th Chigorin Mem"]
[Site "St Petersburg RUS"]
[Date "2002.10.27"]
[Round "3"]
[White "Kokarev,D"]
[Black "Kryschilovskij,A"]
[Result "1-0"]
[WhiteElo "2510"]
[BlackElo "2390"]

1.e4 c5 2.Nf3 Nc6 3.d4 cxd4 4.Nxd4 Nf6 5.Nc3 d6 6.Bg5 e6 7.Qd2 a6 8.O-O-O Bd7
9.f4 Be7 10.Nf3 b5 11.Bxf6 Bxf6 12.Qxd6 Be7 13.Qd2 b4 14.Ne2 Ra7 15.Ng3 a5
16.Nd4 Qb8 17.Nb5 Rb7 18.Nd6+ Bxd6 19.Qxd6 Qxd6 20.Rxd6 Ke7 21.Rd2 e5 22.f5 Rc8
23.Ba6  1-0